000 00674nam a2200229Ia 4500
003 OSt
005 20220927104551.0
006 a|||||r|||| 00| 0
007 ta
008 220926b |||||||| |||| 00| 0 eng d
024 _a147161
037 _cReference Collections
040 _aRTL
_cRTL
_beng
041 _2eng
_aeng
082 _a"X:77.1(X).N7, L7/UN"
110 _a"UN, Economic and social affairs (Deptt of-)"
245 0 _aEconomic and social progress in the second develop
260 _c1977
700 _a"UN, Economic and social affairs (Deptt of-)"
942 _h"X:77.1(X).N7, L7/UN"
_cCC
999 _c687996
_d687996